[Event "Bad Zwischenahn"]
[Site "NordWest-Cup"]
[Date "2006.02.05"]
[Round "6.15"]
[White "Fleischer, Martin"]
[Black "Thom, Rüdiger"]
[Result "0-1"]
[WhiteElo "1928"]
[BlackElo "2261"]
[PlyCount "116"]
[EventDate "2006.??.??"]

1. d4 e6 2. e4 Nc6 3. Nf3 d5 4. Bd3 Nf6 5. e5 Nd7 6. c3 Be7 7. Qc2 Nf8 8. b4 a5
9. b5 Nb8 10. a4 Nbd7 11. c4 dxc4 12. Bxc4 Ng6 13. O-O Nb6 14. Be3 Bd7 15. Nbd2
O-O 16. Rfd1 c6 17. Qa2 Rc8 18. bxc6 Bxc6 19. Bb5 Bxb5 20. axb5 Bb4 21. Nb3 Nd5
22. Bd2 b6 23. Bxb4 Nxb4 24. Qb1 h6 25. Ne1 Qd5 26. Nd3 Nxd3 27. Qxd3 Nf4 28.
Qf3 Qxf3 29. gxf3 Rc3 30. Nd2 Rfc8 31. Ne4 Rxf3 32. Kf1 Rb3 33. Nd6 Rc2 34.
Rdc1 Rbc3 35. Rxc2 Rxc2 36. Rd1 Kf8 37. Ke1 Ke7 38. Rd2 Rc1+ 39. Rd1 Rc3 40.
Ne4 Rb3 41. Nd6 Kf8 42. Kd2 Rb2+ 43. Ke3 Nd5+ 44. Kd3 Rb3+ 45. Kd2 Rb2+ 46. Kd3
Rxf2 47. Rc1 g5 48. Rc8+ Kg7 49. Ne8+ Kg6 50. Nd6 a4 51. Rg8+ Kh7 52. Ra8 a3
53. Ra7 Kg6 54. Ne4 Rxh2 55. Nd2 g4 56. Ra8 Kg7 57. Nb3 a2 58. Nc5 g3 0-1

[Event "Bad Zwischenahn"]
[Site "NordWest-Cup"]
[Date "2006.02.05"]
[Round "6.16"]
[White "Lammers, Markus"]
[Black "Mühlenhaus, Sven"]
[Result "0-1"]
[WhiteElo "2258"]
[BlackElo "2180"]
[PlyCount "94"]
[EventDate "2006.??.??"]

1. e4 e5 2. Nf3 Nc6 3. d4 exd4 4. Nxd4 g6 5. Nc3 Bg7 6. Nxc6 bxc6 7. Bd3 d6 8.
O-O Rb8 9. f4 Qh4 10. Be3 Rxb2 11. Qd2 Nh6 12. Bf2 Qh5 13. Ne2 Ng4 14. Bg3 Qc5+
15. Kh1 O-O 16. h3 Ne3 17. Rfc1 Nc4 18. Qe1 Nb6 19. a4 a5 20. Bf2 Qh5 21. Nd4
Bxh3 22. gxh3 Qxh3+ 23. Kg1 Qg4+ 24. Kf1 c5 25. Nc6 c4 26. Be2 Qxf4 27. Ra3
Qxe4 28. Bf3 Qf4 29. Bg3 Qg5 30. Bh4 Qc5 31. Re3 Kh8 32. Re8 Nd7 33. Qe7 Qf5
34. Kg2 Rxe8 35. Qxe8+ Nf8 36. Be7 Rxc2+ 37. Rxc2 Qxc2+ 38. Kh3 Kg8 39. Nd8
Qf5+ 40. Bg4 Qf1+ 41. Kh4 Qf2+ 42. Kh3 h5 43. Bc8 Qf3+ 44. Kh2 Be5+ 45. Kg1
Bd4+ 46. Kh2 Qf2+ 47. Kh3 Qf1+ 0-1

[Event "Bad Zwischenahn"]
[Site "NordWest-Cup"]
[Date "2006.02.05"]
[Round "6.17"]
[White "Kerker, Andreas"]
[Black "Fruebing, Thomas"]
[Result "1/2-1/2"]
[WhiteElo "2091"]
[BlackElo "2189"]
[PlyCount "34"]
[EventDate "2006.??.??"]

1. e4 e6 2. d4 d5 3. Nc3 Bb4 4. e5 c5 5. a3 Bxc3+ 6. bxc3 Qa5 7. Bd2 Qa4 8. Nf3
Nc6 9. Be3 c4 10. Be2 f5 11. h4 Nge7 12. Ng5 Bd7 13. g3 Qa5 14. Qd2 h6 15. Nh3
O-O-O 16. h5 Rdf8 17. Kf1 Nd8 1/2-1/2

[Event "Bad Zwischenahn"]
[Site "NordWest-Cup"]
[Date "2006.02.05"]
[Round "6.19"]
[White "Troyke, Christian"]
[Black "Franke, Thomas"]
[Result "1-0"]
[WhiteElo "2371"]
[BlackElo "2164"]
[PlyCount "43"]
[EventDate "2006.??.??"]

1. g3 Nf6 2. Bg2 g6 3. d4 Bg7 4. e4 d6 5. Ne2 O-O 6. O-O c5 7. c3 Qb6 8. h3 Bd7
9. Na3 cxd4 10. Nxd4 Nc6 11. Nb3 Na5 12. Be3 Qc7 13. Qd3 Nxb3 14. axb3 a6 15.
Rfe1 Be6 16. b4 b5 17. e5 dxe5 18. Nxb5 axb5 19. Rxa8 Rxa8 20. Bxa8 e4 21. Bxe4
Nxe4 22. Qxe4 1-0

[Event "Bad Zwischenahn"]
[Site "NordWest-Cup"]
[Date "2006.02.05"]
[Round "6.20"]
[White "Becker, Martin Alexander"]
[Black "Meessen, Max"]
[Result "1-0"]
[WhiteElo "2353"]
[BlackElo "2114"]
[PlyCount "53"]
[EventDate "2006.??.??"]

1. d4 Nf6 2. c4 g6 3. Nc3 d5 4. cxd5 Nxd5 5. e4 Nxc3 6. bxc3 Bg7 7. Nf3 c5 8.
Rb1 O-O 9. Be2 cxd4 10. cxd4 Qa5+ 11. Bd2 Qxa2 12. O-O Bg4 13. Be3 Nc6 14. d5
Na5 15. Bg5 Qa3 16. Re1 Rfd8 17. e5 Bxf3 18. Bxf3 Nc6 19. Rxb7 Nxe5 20. Bxe7
Nxf3+ 21. gxf3 Qa6 22. Bxd8 Qxb7 23. Re8+ Bf8 24. Qd4 f6 25. d6 Qd7 26. Qd5+
Qf7 27. Rxf8+ 1-0

[Event "Bad Zwischenahn"]
[Site "NordWest-Cup"]
[Date "2006.02.05"]
[Round "7.1"]
[White "Schlawin, Marlon"]
[Black "Fish, Gennadij"]
[Result "1/2-1/2"]
[WhiteElo "2302"]
[BlackElo "2544"]
[PlyCount "99"]
[EventDate "2006.??.??"]

1. e4 c5 2. Nf3 e6 3. c3 d5 4. exd5 exd5 5. d4 Nc6 6. Be2 Bd6 7. O-O Nf6 8. Bg5
Be6 9. dxc5 Bxc5 10. Nbd2 h6 11. Bh4 Bb6 12. Nb3 g5 13. Bg3 Ne4 14. Nfd4 O-O
15. Bd3 Qf6 16. Qh5 Nxd4 17. Nxd4 Bxd4 18. Bxe4 Bxc3 19. Bxd5 Bxb2 20. Rad1
Rad8 21. Bxe6 Qxe6 22. h4 gxh4 23. Bxh4 Rxd1 24. Rxd1 Rc8 25. Bg3 Bg7 26. Qa5
a6 27. Kh2 b5 28. Rd8+ Rxd8 29. Qxd8+ Kh7 30. Qd2 Qc4 31. Bd6 Bc3 32. Qc2+ Kg7
33. f4 Bf6 34. Qf5 Qe6 35. Qxe6 fxe6 36. g4 a5 37. Kg3 Kg6 38. Kf3 h5 39. gxh5+
Kxh5 40. Ke4 Kg4 41. Be5 Bd8 42. Bd6 Bf6 43. Be5 Bh4 44. Bd6 Bg3 45. Ke5 Bxf4+
46. Kxe6 b4 47. Bxf4 Kxf4 48. Kd5 a4 49. Kc4 b3 50. Kc3 1/2-1/2

[Event "Bad Zwischenahn"]
[Site "NordWest-Cup"]
[Date "2006.02.05"]
[Round "7.2"]
[White "Golod, Vitali"]
[Black "Gutman, Lev"]
[Result "1/2-1/2"]
[WhiteElo "2577"]
[BlackElo "2465"]
[PlyCount "27"]
[EventDate "2006.??.??"]

1. d4 Nf6 2. Nf3 g6 3. c4 Bg7 4. Nc3 O-O 5. e4 c6 6. Bd3 d6 7. h3 a6 8. O-O b5
9. Re1 Nfd7 10. Be3 Nb6 11. cxb5 axb5 12. a3 N8d7 13. Qd2 Bb7 14. Bh6 1/2-1/2

[Event "Bad Zwischenahn"]
[Site "NordWest-Cup"]
[Date "2006.02.05"]
[Round "7.3"]
[White "Karpatchev, Aleksandr"]
[Black "Ivanov, Michail"]
[Result "1/2-1/2"]
[WhiteElo "2530"]
[BlackElo "2447"]
[PlyCount "29"]
[EventDate "2006.??.??"]

1. e4 e5 2. Nf3 Nf6 3. d4 Nxe4 4. Bd3 d5 5. Nxe5 Nd7 6. Nxd7 Bxd7 7. O-O Bd6 8.
c4 c6 9. cxd5 cxd5 10. Qh5 O-O 11. Qxd5 Bc6 12. Qh5 g6 13. Qh3 Ng5 14. Bxg5
Qxg5 15. Nc3 1/2-1/2

[Event "Bad Zwischenahn"]
[Site "NordWest-Cup"]
[Date "2006.02.05"]
[Round "7.4"]
[White "Teske, Henrik"]
[Black "Dittmar, Peter"]
[Result "1/2-1/2"]
[WhiteElo "2486"]
[BlackElo "2334"]
[PlyCount "43"]
[EventDate "2006.??.??"]

1. d4 d5 2. c4 e6 3. Nf3 Nf6 4. Nc3 c5 5. cxd5 Nxd5 6. g3 Nc6 7. Bg2 Nxd4 8.
Nxd4 Nxc3 9. bxc3 cxd4 10. Qxd4 Qxd4 11. cxd4 Bd6 12. Rb1 Rb8 13. e4 b6 14. Kd2
Bd7 15. Bb2 O-O 16. Rhc1 Rfc8 17. Bf1 Rxc1 18. Rxc1 Rc8 19. Rxc8+ Bxc8 20. Ke3
Bb7 21. Bc4 Kf8 22. h4 1/2-1/2

[Event "Bad Zwischenahn"]
[Site "NordWest-Cup"]
[Date "2006.02.05"]
[Round "7.5"]
[White "Zaragatski, Ilja"]
[Black "Meijers, Viesturs"]
[Result "1-0"]
[WhiteElo "2400"]
[BlackElo "2529"]
[PlyCount "49"]
[EventDate "2006.??.??"]

1. e4 c5 2. Nf3 e6 3. d4 cxd4 4. Nxd4 a6 5. Nc3 d6 6. Be3 Nd7 7. Qd2 Ngf6 8. f3
Qc7 9. g4 Ne5 10. O-O-O b5 11. g5 Nfd7 12. f4 Nc4 13. Bxc4 Qxc4 14. b3 Qc7 15.
f5 Ne5 16. Nce2 Bd7 17. Nf4 Qc8 18. g6 hxg6 19. fxe6 fxe6 20. Qg2 Rh6 21. Nd3
Qc3 22. Ne2 Nxd3+ 23. Rxd3 Qa1+ 24. Kd2 Qf6 25. e5 1-0

[Event "Bad Zwischenahn"]
[Site "NordWest-Cup"]
[Date "2006.02.05"]
[Round "7.6"]
[White "Wittje, Berthold"]
[Black "Jugelt, Tobias"]
[Result "0-1"]
[WhiteElo "2263"]
[BlackElo "2410"]
[PlyCount "122"]
[EventDate "2006.??.??"]

1. Nf3 d5 2. c4 c6 3. g3 Nf6 4. Bg2 e6 5. b3 Bd6 6. Bb2 O-O 7. O-O Qe7 8. d3 e5
9. Nbd2 Rd8 10. Qc2 Bg4 11. h3 Bd7 12. Rfd1 Na6 13. a3 Nc7 14. b4 Nce8 15. e3
h6 16. Bc3 Nh7 17. Qb3 Nef6 18. Qb2 Re8 19. Nb3 Rad8 20. Na5 Bc8 21. b5 c5 22.
cxd5 Nxd5 23. Be1 Nhf6 24. Nd2 Bc7 25. Nac4 Nb6 26. Nxb6 axb6 27. Nc4 e4 28. d4
Be6 29. Rac1 Bd5 30. Bf1 Qe6 31. Qe2 Ra8 32. Bc3 Red8 33. Bb2 Nh7 34. h4 Nf6
35. Rd2 Rd7 36. Qd1 Rad8 37. Qc2 Ng4 38. Rcd1 Qg6 39. Bg2 Bxc4 40. Qxc4 Bxg3
41. fxg3 Nxe3 42. Qe2 Nxd1 43. Rxd1 Qxg3 44. Qxe4 cxd4 45. Rxd4 Rxd4 46. Bxd4
Qxa3 47. Qe5 Qc1+ 48. Bf1 f6 49. Qe6+ Kh8 50. Bxb6 Ra8 51. Qe4 f5 52. Qxb7 Ra3
53. Qc7 Rc3 54. Qe5 Rf3 55. Qe2 Rg3+ 56. Kf2 Qf4+ 57. Ke1 Rc3 58. Qe8+ Kh7 59.
Be2 Rc1+ 60. Bd1 Qb4+ 61. Ke2 Qg4+ 0-1

[Event "Bad Zwischenahn"]
[Site "NordWest-Cup"]
[Date "2006.02.05"]
[Round "7.7"]
[White "Thom, Rüdiger"]
[Black "Schneider, Ilja"]
[Result "0-1"]
[WhiteElo "2261"]
[BlackElo "2392"]
[PlyCount "82"]
[EventDate "2006.??.??"]

1. Nc3 Nf6 2. g3 e5 3. Bg2 d5 4. e4 Bg4 5. Bf3 Bxf3 6. Qxf3 Nc6 7. Nxd5 Nxd5 8.
exd5 Nd4 9. Qe4 Be7 10. c3 f5 11. Qd3 Qxd5 12. f3 Qb5 13. Qxb5+ Nxb5 14. a4 Nd6
15. d3 O-O-O 16. Be3 e4 17. O-O-O exd3 18. Bd4 Nc4 19. b3 c5 20. Bf2 Na5 21.
Kb2 Rhe8 22. Nh3 Bf6 23. Rhe1 c4 24. bxc4 Rxe1 25. Rxe1 Nxc4+ 26. Kb3 Nd2+ 27.
Kb4 Nxf3 28. Rd1 d2 29. Bxa7 Rd3 30. c4 Bc3+ 31. Kb5 Nd4+ 32. Bxd4 Bxd4 33. c5
Be3 34. Nf4 Bxf4 35. gxf4 Kc7 36. Kc4 Rd7 37. Kb5 Rd8 38. a5 Rd5 39. h4 h5 40.
a6 bxa6+ 41. Kxa6 Kc6 0-1

[Event "Bad Zwischenahn"]
[Site "NordWest-Cup"]
[Date "2006.02.05"]
[Round "7.8"]
[White "Lichmann, Peter"]
[Black "Blancke, Stefan"]
[Result "1/2-1/2"]
[WhiteElo "2282"]
[BlackElo "2261"]
[PlyCount "51"]
[EventDate "2006.??.??"]

1. e4 Nf6 2. Nc3 e5 3. Nf3 Nc6 4. d4 exd4 5. Nxd4 Bb4 6. Nxc6 bxc6 7. Bd3 d5 8.
exd5 cxd5 9. O-O O-O 10. Bg5 c6 11. Qf3 Be7 12. h3 Be6 13. Ne2 c5 14. Ng3 g6
15. c3 Rb8 16. Rab1 Nd7 17. Bf4 Rb6 18. Rfe1 Bg5 19. Ne2 Qf6 20. Bxg5 Qxg5 21.
Qf4 Qxf4 22. Nxf4 c4 23. Bc2 Ra6 24. Ra1 Rb8 25. b3 Rc8 26. bxc4 1/2-1/2

[Event "Bad Zwischenahn"]
[Site "NordWest-Cup"]
[Date "2006.02.05"]
[Round "7.9"]
[White "Mühlenhaus, Sven"]
[Black "Becker, Martin Alexander"]
[Result "0-1"]
[WhiteElo "2180"]
[BlackElo "2353"]
[PlyCount "78"]
[EventDate "2006.??.??"]

1. d4 d5 2. Nf3 Nf6 3. c4 e6 4. cxd5 exd5 5. Nc3 c6 6. Qc2 g6 7. Bg5 Be7 8. e3
Bf5 9. Bd3 Bxd3 10. Qxd3 O-O 11. Bxf6 Bxf6 12. O-O Nd7 13. Rfc1 Be7 14. Nd2 Bd6
15. Nb3 Re8 16. Na4 Nf6 17. g3 Kg7 18. Nac5 Rb8 19. Qd1 h5 20. Rc2 h4 21. Qf3
Rh8 22. Rac1 Qc8 23. Nd2 Qh3 24. Qg2 hxg3 25. hxg3 Qg4 26. Nf1 Rh3 27. b4 Qh5
28. f3 g5 29. Nd3 Qh7 30. Nf2 Rh6 31. a3 Re8 32. Rc3 g4 33. f4 Rh8 34. R3c2 Qf5
35. Re2 Re8 36. Rce1 Ne4 37. Nxe4 dxe4 38. Rc1 Reh8 39. Rec2 Rh3 0-1

[Event "Bad Zwischenahn"]
[Site "NordWest-Cup"]
[Date "2006.02.05"]
[Round "7.10"]
[White "Schuette, Marc"]
[Black "Troyke, Christian"]
[Result "0-1"]
[WhiteElo "2194"]
[BlackElo "2371"]
[PlyCount "56"]
[EventDate "2006.??.??"]

1. e4 c5 2. c3 Qa5 3. Na3 g6 4. Qe2 Bg7 5. f4 Nc6 6. Nc4 Qd8 7. e5 Nh6 8. Nf3
O-O 9. d4 cxd4 10. cxd4 d5 11. Na3 Bg4 12. Be3 Nf5 13. Rd1 Qb6 14. Kf2 f6 15.
Rd3 fxe5 16. dxe5 Nxe3 17. Qxe3 Qxb2+ 18. Rd2 Qb4 19. g3 Bxf3 20. Kxf3 Nxe5+
21. Kg2 Ng4 22. Qe6+ Kh8 23. Rc2 Ne5 24. Rg1 Qxa3 25. fxe5 Qf3+ 26. Kh3 Rf5 27.
Rc8+ Rxc8 28. Qxc8+ Bf8 0-1

[Event "Bad Zwischenahn"]
[Site "NordWest-Cup"]
[Date "2006.02.05"]
[Round "7.11"]
[White "Thinius, Marco"]
[Black "Litwak, Aleksej"]
[Result "0-1"]
[WhiteElo "2343"]
[BlackElo "2182"]
[PlyCount "81"]
[EventDate "2006.??.??"]

1. e4 c5 2. Nf3 e6 3. d4 cxd4 4. Nxd4 Nf6 5. Nc3 Nc6 6. Nxc6 bxc6 7. e5 Nd5 8.
Ne4 Qc7 9. f4 Qb6 10. c4 Ne3 11. Qd3 Bb4+ 12. Bd2 O-O 13. Bxb4 Qxb4+ 14. Kf2
Ng4+ 15. Kg3 f5 16. exf6 Nxf6 17. Nxf6+ Rxf6 18. b3 d5 19. h4 Bd7 20. Be2 Raf8
21. Raf1 Qe7 22. Qe3 Rg6+ 23. Kf2 Rxf4+ 24. Qxf4 Rf6 25. g3 e5 26. Qxf6 gxf6
27. cxd5 cxd5 28. Rc1 e4 29. Rhd1 Be6 30. Rc6 f5 31. Re1 f4 32. gxf4 Qxh4+ 33.
Ke3 Kf7 34. Rc7+ Kf6 35. Rf1 Qh2 36. Bb5 Qxa2 37. Ba4 Qg2 38. Rcc1 Qb2 39. Rcd1
Qc3+ 40. Kf2 d4 41. Rc1 0-1

[Event "Bad Zwischenahn"]
[Site "NordWest-Cup"]
[Date "2006.02.05"]
[Round "7.12"]
[White "Bielmeier, Ludwig"]
[Black "Hedke, Fred"]
[Result "1/2-1/2"]
[WhiteElo "2189"]
[BlackElo "2328"]
[PlyCount "122"]
[EventDate "2006.??.??"]

1. Nf3 d5 2. c4 e6 3. g3 g6 4. Bg2 Bg7 5. O-O Nf6 6. Qc2 O-O 7. b3 b6 8. Bb2
Bb7 9. d3 c5 10. Nbd2 Nc6 11. a3 d4 12. b4 Qc7 13. bxc5 bxc5 14. Rfb1 Rad8 15.
Bc1 Ba8 16. Nb3 Nd7 17. Bd2 h6 18. Qc1 Kh7 19. h4 Qd6 20. Na5 Rde8 21. Nxc6
Bxc6 22. Ne1 e5 23. Bxc6 Qxc6 24. Ng2 e4 25. Bf4 e3 26. f3 Ne5 27. Qf1 Nd7 28.
a4 f5 29. Qd1 Ne5 30. Bxe5 Bxe5 31. f4 Bd6 32. Qf1 Re7 33. Ne1 g5 34. hxg5 hxg5
35. fxg5 Kg6 36. Qf3 Qc7 37. Kg2 Rh8 38. Nc2 Reh7 39. Rh1 Rxh1 40. Rxh1 Rxh1
41. Kxh1 Bxg3 42. Kg2 Bf2 43. Na3 a6 44. Kf1 Qh2 45. Qc6+ Kxg5 46. Qg2+ Qxg2+
47. Kxg2 Be1 48. Nc2 Bc3 49. Kg3 Kf6 50. Kf4 Ke6 51. Na3 Kd6 52. Kxf5 Kc6 53.
Ke5 Kb6 54. Kd5 Bb4 55. Nc2 Ka5 56. Nxb4 cxb4 57. c5 b3 58. c6 Kb6 59. Kd6 b2
60. c7 b1=Q 61. c8=Q Qb4+ 1/2-1/2

[Event "Bad Zwischenahn"]
[Site "NordWest-Cup"]
[Date "2006.02.05"]
[Round "7.13"]
[White "Busch, Christian"]
[Black "Korba, Roman"]
[Result "0-1"]
[WhiteElo "2129"]
[BlackElo "2265"]
[PlyCount "122"]
[EventDate "2006.??.??"]

1. d4 g6 2. c4 Bg7 3. g3 Nf6 4. Bg2 O-O 5. Nc3 c6 6. Nf3 d5 7. cxd5 cxd5 8. Ne5
e6 9. O-O Nfd7 10. Nxd7 Bxd7 11. b3 Qa5 12. Bb2 Bb5 13. Nxb5 Qxb5 14. Qd2 Nc6
15. Rfc1 Rfc8 16. Bf1 Qb6 17. e3 Bf8 18. Rc2 Rc7 19. Qc1 Rac8 20. Bd3 Nb4 21.
Rxc7 Qxc7 22. Qd2 Nxd3 23. Qxd3 Qc2 24. Qxc2 Rxc2 25. Rb1 Kg7 26. Kg2 Kf6 27.
Kf3 h5 28. h3 Bd6 29. a4 Bb4 30. g4 Bd6 31. gxh5 gxh5 32. Ba1 Bb4 33. Rg1 Kf5
34. Rb1 Kg5 35. Kg3 Bd6+ 36. Kf3 Kh4 37. Bb2 f5 38. Ba1 Kxh3 39. Rh1+ Bh2 40.
a5 a6 41. Rb1 Rc7 42. Bb2 Rf7 43. Re1 Rg7 44. Ba3 Rg1 45. Re2 Bc7 46. Be7 Rc1
47. b4 Kh2 48. Ra2 f4 49. Bg5 fxe3 50. fxe3+ Kh3 51. Bf4 Rf1+ 52. Ke2 Rg1 53.
Kf3 Bxf4 54. Kxf4 h4 55. Kf3 Rg5 56. Rc2 Rf5+ 57. Ke2 Kg2 58. Rc7 Rg5 59. Rxb7
h3 60. b5 h2 61. Rh7 axb5 0-1

[Event "Bad Zwischenahn"]
[Site "NordWest-Cup"]
[Date "2006.02.05"]
[Round "7.14"]
[White "Scheider, Julian"]
[Black "Korsus, Bernd"]
[Result "0-1"]
[WhiteElo "2185"]
[BlackElo "2263"]
[PlyCount "68"]
[EventDate "2006.??.??"]

1. e4 c5 2. c3 Nf6 3. e5 Nd5 4. Nf3 d6 5. exd6 Qxd6 6. d4 cxd4 7. cxd4 Nc6 8.
Be2 e6 9. O-O Be7 10. Nc3 O-O 11. Re1 Rd8 12. Be3 b6 13. Rc1 Nxc3 14. bxc3 Bb7
15. Qc2 Rac8 16. Qb1 Bf6 17. Ng5 Bxg5 18. Bxg5 Rd7 19. Bf1 Ne7 20. Bxe7 Rxe7
21. Re5 Rec7 22. Qd3 Qa3 23. Qd2 Rxc3 24. Rce1 Bd5 25. h4 Qxa2 26. Qf4 Qa3 27.
Rg5 Rc1 28. Rxc1 Qxc1 29. Qf6 g6 30. h5 Qa3 31. Bd3 Qf8 32. Qf4 f6 33. Rg3 g5
34. Qe3 Qe7 0-1

[Event "Bad Zwischenahn"]
[Site "NordWest-Cup"]
[Date "2006.02.05"]
[Round "7.16"]
[White "Maahs, Erich"]
[Black "Rüberg, Jobst"]
[Result "1/2-1/2"]
[WhiteElo "2148"]
[BlackElo "2242"]
[PlyCount "108"]
[EventDate "2006.??.??"]

1. e4 c5 2. Nf3 e6 3. d4 cxd4 4. Nxd4 a6 5. Bd3 Nc6 6. Nxc6 dxc6 7. O-O e5 8.
Nd2 Nf6 9. Nc4 Qc7 10. f4 Bc5+ 11. Kh1 Ng4 12. Qe1 Be6 13. fxe5 b5 14. Nd6+
Bxd6 15. exd6 Qxd6 16. Bf4 Qc5 17. Qg3 Rd8 18. h3 h5 19. b4 Qd4 20. a4 h4 21.
Qe1 Ne5 22. axb5 Nxd3 23. cxd3 axb5 24. Ra3 O-O 25. Be3 Qb2 26. Qc1 Qe5 27.
Qxc6 Rc8 28. Qb6 Rc2 29. Qd4 Qh5 30. Bg1 Rfc8 31. Raa1 Qg5 32. Bf2 Rd8 33. Qe3
Qxe3 34. Bxe3 Rxd3 35. Rf2 Rc4 36. Bc5 Rxe4 37. Kg1 Rg3 38. Kh2 Rd3 39. Rg1 Kh7
40. g3 g5 41. Rb2 g4 42. hxg4 Rxg4 43. Bf2 hxg3+ 44. Rxg3 Rh4+ 45. Kg2 Bd5+ 46.
Kf1 Rh1+ 47. Ke2 Rdd1 48. Rg4 Bc4+ 49. Ke3 Rh3+ 50. Ke4 Rd5 51. Rh4+ Rxh4+ 52.
Bxh4 Rh5 53. Bg3 Bd5+ 54. Kd4 Bc4 1/2-1/2

[Event "Bad Zwischenahn"]
[Site "NordWest-Cup"]
[Date "2006.02.05"]
[Round "7.17"]
[White "Porth, Hartmut"]
[Black "Stabolewski, Andreas"]
[Result "1-0"]
[WhiteElo "2090"]
[BlackElo "2225"]
[PlyCount "121"]
[EventDate "2006.??.??"]

1. e4 c5 2. d3 Nc6 3. f4 d6 4. g3 g6 5. Bg2 Bg7 6. c3 e6 7. Nf3 Nge7 8. O-O O-O
9. Be3 f5 10. Re1 Rb8 11. a4 b6 12. exf5 Nxf5 13. Ng5 Nxe3 14. Rxe3 Nd4 15.
cxd4 Bxd4 16. Qe2 e5 17. Bd5+ Kh8 18. Kg2 Bxe3 19. Qxe3 exf4 20. gxf4 Qf6 21.
Nc3 Qxf4 22. Qxf4 Rxf4 23. Nf7+ Kg7 24. Nxd6 Bd7 25. Re1 Bxa4 26. Re7+ Kh6 27.
Nf7+ Kh5 28. Bf3+ Kh4 29. Ne4 h5 30. Ne5 Rg8 31. Re6 Be8 32. Rxe8 Rxe4 33. Rxg8
Rxe5 34. Rxg6 b5 35. Rg3 Re3 36. Rh3+ Kg5 37. Rxh5+ Kf4 38. Rh4+ Kg5 39. Rg4+
Kf5 40. Kg3 c4 41. dxc4 bxc4 42. Rxc4 Rb3 43. Rc5+ Kf6 44. Rc2 a5 45. Kf4 a4
46. h4 a3 47. bxa3 Rxa3 48. Rg2 Ra7 49. h5 Rg7 50. Ra2 Rc7 51. Ra6+ Kg7 52. Be4
Rc8 53. Kg5 Rb8 54. Bf5 Rd8 55. Rh6 Rb8 56. Rh7+ Kg8 57. Kh6 Rb6+ 58. Bg6 Ra6
59. Rb7 Ra8 60. Bf7+ Kh8 61. Be6 1-0

[Event "Bad Zwischenahn"]
[Site "NordWest-Cup"]
[Date "2006.02.05"]
[Round "7.18"]
[White "Meyner, Hannes"]
[Black "Müssig, Guido"]
[Result "1-0"]
[WhiteElo "2080"]
[BlackElo "2221"]
[PlyCount "113"]
[EventDate "2006.??.??"]

1. d4 Nf6 2. Nf3 g6 3. c4 Bg7 4. Nc3 O-O 5. e4 d6 6. Be2 e5 7. Be3 Ng4 8. Bg5
f6 9. Bh4 Nc6 10. d5 Ne7 11. Nd2 Nh6 12. f3 f5 13. b4 Bf6 14. Bf2 g5 15. g4
fxg4 16. fxg4 Ng6 17. Nf1 Nf4 18. h3 Ng2+ 19. Kd2 Be7 20. Bg3 a5 21. b5 Bd7 22.
Rh2 Nf4 23. Ne3 c6 24. Ke1 a4 25. Qd2 Qa5 26. Rb1 Bd8 27. bxc6 bxc6 28. Bf2 Bb6
29. Rxb6 Nxe2 30. Kxe2 Rxf2+ 31. Rxf2 Qxb6 32. Nf5 Nxf5 33. exf5 h6 34. Ne4 Ra7
35. h4 Qd4 36. Qxd4 exd4 37. hxg5 hxg5 38. Nf6+ Kf7 39. Nxd7 Rxd7 40. dxc6 Rc7
41. Kd3 Rxc6 42. Rb2 Rc8 43. Kxd4 Rh8 44. Kd5 Rh4 45. Kxd6 Rxg4 46. c5 Rd4+ 47.
Ke5 Rc4 48. Kd5 Rc3 49. Rb7+ Kf6 50. Rb4 a3 51. Rc4 Rd3+ (51... Rxc4 52. Kxc4
g4 53. c6 g3 54. c7 g2 55. c8=Q g1=Q 56. Qe6+ Kg5 57. Qg6+) 52. Ke4 Rd7 53. c6
Rc7 54. Rc3 g4 55. Kd5 Kxf5 56. Rxa3 Kf4 57. Kd6 1-0

[Event "Bad Zwischenahn"]
[Site "NordWest-Cup"]
[Date "2006.02.05"]
[Round "7.19"]
[White "Bracker, Frank"]
[Black "Höffer, David"]
[Result "1/2-1/2"]
[WhiteElo "2055"]
[BlackElo "2204"]
[PlyCount "81"]
[EventDate "2006.??.??"]

1. e4 Nc6 2. Nf3 f5 3. e5 d6 4. Bb5 dxe5 5. Nxe5 Qd5 6. Bxc6+ bxc6 7. Qe2 Qxg2
8. Rf1 e6 9. d4 Nf6 10. Nd2 Qd5 11. Ndf3 c5 12. Be3 cxd4 13. Bxd4 Bd6 14. O-O-O
O-O 15. Rg1 Qxa2 16. Nc4 Bf4+ 17. Be3 Bxe3+ (17... Ba6 $3 18. Nfd2 (18. Bxf4
Bxc4 19. Qe5 Qa1+ 20. Kd2 Rfd8+ 21. Kc3 Rxd1 22. Rxd1 Qxd1 23. Kxc4 Qxc2+)
18... Be5 19. c3 Rab8) 18. fxe3 Ba6 19. Nfd2 Bxc4 20. Nxc4 Qa1+ 21. Kd2 Rfd8+
22. Ke1 Rxd1+ 23. Qxd1 Qxd1+ 24. Kxd1 Rd8+ 25. Ke2 c5 26. Ra1 Rd7 27. Ne5 Rb7
28. b3 Nd7 29. Nc6 g5 30. Nd8 Rb6 31. Rxa7 Rd6 32. Nxe6 Rxe6 33. Rxd7 f4 34.
Rd5 Rxe3+ 35. Kf2 Rc3 36. Rxg5+ Kf7 37. Rf5+ Kg6 38. Rxf4 Rxc2+ 39. Kg3 Rc3+
40. Rf3 Rxf3+ 41. Kxf3 1/2-1/2

[Event "Bad Zwischenahn"]
[Site "NordWest-Cup"]
[Date "2006.02.05"]
[Round "7.20"]
[White "Leiber, Bernard"]
[Black "Kerker, Andreas"]
[Result "1/2-1/2"]
[WhiteElo "2203"]
[BlackElo "2091"]
[PlyCount "93"]
[EventDate "2006.??.??"]

1. Nf3 c5 2. g3 Nc6 3. Bg2 g6 4. d3 Bg7 5. e4 e6 6. O-O Nge7 7. c3 O-O 8. Re1
d5 9. Nbd2 dxe4 10. dxe4 e5 11. Qe2 h6 12. Nc4 Be6 13. a4 Qc7 14. Be3 Nd4 15.
cxd4 cxd4 16. Rec1 dxe3 17. Qxe3 Bxc4 18. Bf1 Nc6 19. Bxc4 Qe7 20. Bd5 Nd4 21.
Nxd4 exd4 22. Qb3 Rac8 23. a5 Rc7 24. Rc4 Rfc8 25. Rac1 Rxc4 26. Rxc4 Rxc4 27.
Qxc4 b6 28. axb6 axb6 29. Qd3 Qc5 30. Qf3 Qc7 31. b3 Be5 32. Kg2 Kg7 33. Bc4
Qd7 34. Qd3 Bf6 35. f4 Be7 36. Bd5 Bf6 37. b4 b5 38. h3 Kf8 39. g4 Bg7 40. Qc2
Kg8 41. Qc5 d3 42. Kf3 Bf8 43. Qd4 Qe7 44. Qxd3 Qxb4 45. e5 Kg7 46. Bb3 Qe1 47.
Qd5 1/2-1/2